La contrademocracia: la política en la era de la desconfianza

Saved in:
書目詳細資料
主要作者: Rosanvallon, Pierre (Author)
格式: 圖書
語言:西班牙语
出版: Buenos Aires Manantial 2007
版:1a. ed
主題:
標簽: 添加標簽
沒有標簽, 成為第一個標記此記錄!

MARC

LEADER 00000cam a2200000 a 4500
001 UCG4683
003 CL-VaPUC
008 101118e20070000AG |||||||||||||||||spa|d
020 |a 9789875001077 
082 0 4 |a 321.8  |b ROS  |2 21 
100 0 |a Rosanvallon, Pierre  |e author  |9 554110 
245 1 3 |a La contrademocracia: la política en la era de la desconfianza 
250 |a 1a. ed 
300 |a 312 p 
942 |c BK 
945 |d 20101118 00:00:00  |a mfarfan 
260 |a Buenos Aires  |b Manantial  |c 2007 
650 7 |a TEORIA POLITICA  |2 CL-VaPUC  |9 554111 
650 0 |a Democracia  |9 255256 
650 0 |a Participación social  |9 256140 
583 |a last modification  |c 20120118 01:13:37  |k Rodrigo Vera 
999 |c 343351  |d 343349 
952 |0 0  |1 0  |4 0  |6 321_800000000000000_ROS_2007  |7 0  |8 A  |9 440591  |a BIBGIM  |b BIBGIM  |d 2019-11-22  |i 4736621  |o 321.8 ROS 2007  |p 4736621  |r 2025-01-15  |w 2019-11-22  |y BK  |k SSL 
952 |0 0  |1 0  |4 0  |6 321_800000000000000_ROS_2007  |7 0  |8 A  |9 440592  |a BIBHIS  |b BIBHIS  |d 2019-11-22  |i 4779223  |l 3  |o 321.8 ROS 2007  |p 4779223  |r 2025-01-20  |s 2024-03-11  |w 2019-11-22  |y BK  |k HIS 
952 |0 0  |1 0  |4 0  |6 321_800000000000000_ROS_2007  |7 0  |8 A  |9 440593  |a BIBGIM  |b BIBGIM  |d 2019-11-22  |i 4840984  |l 3  |o 321.8 ROS 2007  |p 4840984  |r 2025-03-12  |s 2025-03-04  |w 2019-11-22  |y BK  |k SSL